01998nam a2200253 a 4500008004100000020001800041050001500059100002100074245008400095260003400179300003600213650003300249995015500282995015500437995015500592995015500747995015500902999001701057952013401074952013401208952013401342952013401476952013401610190822s1995 xx |||||||||||||| || u a9780071132107 aQA 911 And aAnderson, John D10aComputational fluid dynamics: the basics with applicationscBy John D. Anderson abMcGraw-Hill Educationc1995 axxiv, 547 pages : illustrations 0aCOMPUTATIONAL FLUID DYNAMICS aMAIN LIBRARY OPEN ACCESSD58.00e749732FCBU-MAIN LIBRARY (Kitwe)jQA 911 AndM4UAVAILABLEWAug 26, 2019y749732ZMain Library Open Access Collection aMAIN LIBRARY OPEN ACCESSD58.00e749729FCBU-MAIN LIBRARY (Kitwe)jQA 911 AndM2UAVAILABLEWAug 26, 2019y749729ZMain Library Open Access Collection aMAIN LIBRARY OPEN ACCESSD58.00e749733FCBU-MAIN LIBRARY (Kitwe)jQA 911 AndM3UAVAILABLEWAug 26, 2019y749733ZMain Library Open Access Collection aMAIN LIBRARY OPEN ACCESSD58.00e749730FCBU-MAIN LIBRARY (Kitwe)jQA 911 AndM1UAVAILABLEWAug 26, 2019y749730ZMain Library Open Access Collection aMAIN LIBRARY OPEN ACCESSD58.00e749731FCBU-MAIN LIBRARY (Kitwe)jQA 911 AndM5UAVAILABLEWAug 26, 2019y749731ZMain Library Open Access Collection c79638d79638 00102lcc4070a001b001cMain Library Open Access Collectiond2023-06-29l0oQA 911 Andp749732r2023-06-29t1w2023-06-29y002 00102lcc4070a001b001cMain Library Open Access Collectiond2023-06-29l0oQA 911 Andp749729r2023-06-29t2w2023-06-29y002 00102lcc4070a001b001cMain Library Open Access Collectiond2023-06-29l0oQA 911 Andp749733r2023-06-29t3w2023-06-29y002 00102lcc4070a001b001cMain Library Open Access Collectiond2023-06-29l0oQA 911 Andp749730r2023-06-29t4w2023-06-29y002 00102lcc4070a001b001cMain Library Open Access Collectiond2023-06-29l0oQA 911 Andp749731r2023-06-29t5w2023-06-29y002